000 00242nam a2200097Ia 4500
001 709455
005 20250826162547.0
008 250824s9999 xx 000 0 und d
245 0 _aVATANA UZANAN YOLLAR
_cCAHİT UÇUK
260 _bBİLGE YAYINLARI
999 _c709455
_d709455